Machinery's handbook: a reference book for the mechanical engineer, draftsman, toolmaker and machinist (Record no. 82276)
[ view plain ]
| 000 -LEADER | |
|---|---|
| fixed length control field | 00756nam a2200169 a 4500 |
| 008 - FIXED-LENGTH DATA ELEMENTS--GENERAL INFORMATION | |
| fixed length control field | 120416s1971 ||||||||||||||||| || u |
| 050 ## - LIBRARY OF CONGRESS CALL NUMBER | |
| Classification number | REF TJ 151 Obe |
| 100 ## - MAIN ENTRY--PERSONAL NAME | |
| Personal name | Jones, Franklin D |
| 245 10 - TITLE STATEMENT | |
| Title | Machinery's handbook: a reference book for the mechanical engineer, draftsman, toolmaker and machinist |
| Statement of responsibility, etc. | by Erik Oberg and Franklin D. Jones |
| 250 ## - EDITION STATEMENT | |
| Edition statement | 19th rev. |
| 260 ## - PUBLICATION, DISTRIBUTION, ETC. | |
| Place of publication, distribution, etc. | New York |
| Name of publisher, distributor, etc. | Industrial Press |
| Date of publication, distribution, etc. | 1971 |
| 300 ## - PHYSICAL DESCRIPTION | |
| Extent | xi, 2420p. : ill |
| 350 ## - | |
| -- | 0.00 |
| 700 ## - ADDED ENTRY--PERSONAL NAME | |
| Personal name | Oberg, Erik |
| 995 ## - | |
| -- | REFERENCE BOOKS |
| -- | 0.00 |
| -- | 720607 |
| -- | CBU-MAIN LIBRARY (Kitwe) |
| -- | 2 |
| -- | 30.00 |
| -- | TJ 151 Obe |
| -- | REFERENCE |
| -- | 720607 |
| -- | Reference Collection |
| 995 ## - | |
| -- | REFERENCE BOOKS |
| -- | 0.00 |
| -- | 720509 |
| -- | CBU-MAIN LIBRARY (Kitwe) |
| -- | 1 |
| -- | 30.00 |
| -- | TJ 151 Obe |
| -- | AVAILABLE |
| -- | 720509 |
| -- | Reference Collection |
| 999 ## - | |
| -- | 82276 |
| -- | 82276 |
| Withdrawn status | Lost status | Source of classification or shelving scheme | Damaged status | Not for loan | Permanent Location | Current Location | Shelving location | Date acquired | Total Checkouts | Full call number | Barcode | Date last seen | Copy number | Price effective from | Koha item type |
|---|---|---|---|---|---|---|---|---|---|---|---|---|---|---|---|
| CBU-MAIN LIBRARY, KITWE. | CBU-MAIN LIBRARY, KITWE. | 09/27/2023 | REF TJ 151 Obe | 720607 | 09/27/2023 | 1 | 09/27/2023 | REFERENCE COLLECTION | |||||||
| CBU-MAIN LIBRARY, KITWE. | CBU-MAIN LIBRARY, KITWE. | 09/27/2023 | REF TJ 151 Obe | 720509 | 09/27/2023 | 2 | 09/27/2023 | REFERENCE COLLECTION |